Normal view
MARC view
- Mooij, H. A
Entry Personal Name
001 - CONTROL NUMBER
- control field: 111263
003 - CONTROL NUMBER IDENTIFIER
- control field: NUST
005 - DATE AND TIME OF LATEST TRANSACTION
- control field: 20230324091311.0
008 - FIXED-LENGTH DATA ELEMENTS
- fixed length control field: 230324|| aca||aabn | a|a d
040 ## - CATALOGING SOURCE
- Original cataloging agency: NUST
- Transcribing agency: NUST
100 ## - HEADING--PERSONAL NAME
- Personal name: Mooij, H. A
670 ## - SOURCE DATA FOUND
- Source citation: Work cat.: (NUST)0: Mooij, H. A., Criteria for low-speed longitudinal handling qualities of transport aircraft with closed-loop flight control systems /, 1985.
